Presidents by Career History - Statistics

General Stats
  • This quiz has been taken 3 times
  • The average score is 25 of 44
Answer Stats
Answer % Correct
Member of the U.S. House of Representatives from Illinois Abraham Lincoln
100%
United States Senator from Tennessee Andrew Jackson
100%
United States Senator from Illinois Barack Obama
100%
Governor of Arkansas Bill Clinton
100%
Supreme Allied Commander Europe Dwight D. Eisenhower
100%
Vice President of the United States George H. W. Bush
100%
Senior Officer of the United States Army George Washington
100%
Governor of Texas George W. Bush
100%
United States Secretary of State James Madison
100%
Governor of Georgia Jimmy Carter
100%
Vice President of the United States Joe Biden
100%
Vice President of the United States John Adams
100%
United States Senator from Massachusetts John F. Kennedy
100%
Vice President of the United States Richard Nixon
100%
Governor of California Ronald Reagan
100%
Vice President of the United States Theodore Roosevelt
100%
Vice President of the United States Thomas Jefferson
100%
Chief Justice of the United States William Howard Taft
100%
None Zachary Taylor, Donald Trump
100%
Governor of New York Franklin D. Roosevelt
50%
Vice President of the United States Gerald Ford
50%
Governor of New York Grover Cleveland
50%
Vice President of the United States Harry S. Truman
50%
United States Secretary of Commerce Herbert Hoover
50%
Governor of Tennessee James K. Polk
50%
United States Secretary of State James Monroe
50%
United States Secretary of State John Quincy Adams
50%
Vice President of the United States John Tyler
50%
Vice President of the United States Lyndon B. Johnson
50%
Commanding General of the U.S. Army Ulysses S. Grant
50%
Vice President Andrew Johnson
0%
United States Senator from Indiana Benjamin Harrison
0%
Vice President of the United States Calvin Coolidge
0%
Vice President of the United States Chester A. Arthur
0%
United States Senator from New Hampshire Franklin Pierce
0%
United States Minister to the United Kingdom James Buchanan
0%
Member of the U.S. House of Representatives James Garfield
0%
Vice President of the United States Martin Van Buren
0%
Vice President of the United States Millard Fillmore
0%
Governor of Ohio Rutherford B. Hayes
0%
United States Senator from Ohio Warren G. Harding
0%
United States Minister to Gran Colombia William Henry Harrison
0%
Governor of Ohio William McKinley
0%
Governor of New Jersey Woodrow Wilson
0%
No matching quizzes found
Score Distribution
Percent of People with Each Score
Percentile by Number Answered
Your Score History
You have not taken this quiz